000 00440nab a2200145Ia 4500
003 ES-SlBCS
005 20210601134621.0
008 140529s1984 xxu||||| |||| 00| 0 spa d
041 _aspa
100 1 _aMartínez, Miguel
_9220343
245 0 0 _aTécnicas y actitudes en las profesiones de ayuda
_c Miguel Martínez
650 0 4 _aTécnicas de Ayuda
_9220478
773 0 _tAnthropos
_gvol. 5, nº. 8, 1984, págs. 106-122
_wRev38
942 _cAR
999 _c615358
_d615358